Copyright in the music industry : (Record no. 191083)

MARC details
000 -LEADER
fixed length control field 01606cam a2200397 i 4500
001 - CONTROL NUMBER
control field on1201298732
003 - CONTROL NUMBER IDENTIFIER
control field OCoLC
005 - DATE AND TIME OF LATEST TRANSACTION
control field 20240722174349.0
006 - FIXED-LENGTH DATA ELEMENTS--ADDITIONAL MATERIAL CHARACTERISTICS
fixed length control field m d
007 - PHYSICAL DESCRIPTION FIXED FIELD--GENERAL INFORMATION
fixed length control field cr |||||||||||
008 - FIXED-LENGTH DATA ELEMENTS--GENERAL INFORMATION
fixed length control field 201023s2021 enk ob 001 0 eng d
040 ## - CATALOGING SOURCE
Original cataloging agency YDX
Language of cataloging eng
Description conventions rda
-- pn
Transcribing agency YDX
Modifying agency CLU
-- OCLCO
-- ELGAR
-- YDXIT
-- EBLCP
-- N
--
Modifying agency OCLCF
-- CNO
020 ## - INTERNATIONAL STANDARD BOOK NUMBER
International Standard Book Number 183910127X
Qualifying information (eBook)
020 ## - INTERNATIONAL STANDARD BOOK NUMBER
International Standard Book Number 9781839101274
Qualifying information (electronic bk.)
020 ## - INTERNATIONAL STANDARD BOOK NUMBER
Canceled/invalid ISBN 9781839101267
Qualifying information (cased)
035 ## - SYSTEM CONTROL NUMBER
System control number 2753917
-- (N
-- )
035 ## - SYSTEM CONTROL NUMBER
System control number (OCoLC)1201298732
082 04 - DEWEY DECIMAL CLASSIFICATION NUMBER
Classification number 346.0482
Edition number 23
049 ## - LOCAL HOLDINGS (OCLC)
Holding library MAIN
100 1# - MAIN ENTRY--PERSONAL NAME
Personal name Bosher, Hayleigh,
Relator term author.
245 10 - TITLE STATEMENT
Title Copyright in the music industry :
Remainder of title a practical guide to exploiting and enforcing rights /
Statement of responsibility, etc. Hayleigh Bosher.
264 #1 - PRODUCTION, PUBLICATION, DISTRIBUTION, MANUFACTURE, AND COPYRIGHT NOTICE
Place of production, publication, distribution, manufacture Cheltenham, UK ;
-- Northampton, MA :
Name of producer, publisher, distributor, manufacturer Edward Elgar Publishing Limited,
Date of production, publication, distribution, manufacture, or copyright notice 2021.
300 ## - PHYSICAL DESCRIPTION
Extent 1 online resource (xxvii, 239 pages)
336 ## - CONTENT TYPE
Content type term text
Source rdacontent
337 ## - MEDIA TYPE
Media type term computer
Source rdamedia
338 ## - CARRIER TYPE
Carrier type term online resource
Source rdacarrier
490 1# - SERIES STATEMENT
Series statement Elgar practical guides
504 ## - BIBLIOGRAPHY, ETC. NOTE
Bibliography, etc. note Includes bibliographical references and index.
588 0# - SOURCE OF DESCRIPTION NOTE
Source of description note Online resource; title from title screen (Elgaronline, viewed on February 18, 2021).
650 #0 - SUBJECT ADDED ENTRY--TOPICAL TERM
Topical term or geographic name entry element Copyright
General subdivision Music.
650 #0 - SUBJECT ADDED ENTRY--TOPICAL TERM
Topical term or geographic name entry element Music trade.
650 #0 - SUBJECT ADDED ENTRY--TOPICAL TERM
Topical term or geographic name entry element Musicians
General subdivision Legal status, laws, etc.
655 #4 - INDEX TERM--GENRE/FORM
Genre/form data or focus term Electronic books.
830 #0 - SERIES ADDED ENTRY--UNIFORM TITLE
Uniform title Elgar practical guides.
856 40 - ELECTRONIC LOCATION AND ACCESS
Uniform Resource Identifier https://ezproxy.taylors.edu.my/login?url=https://search.ebscohost.com/login.aspx?direct=true&scope=site&db=nlebk&db=nlabk&AN=2753917
Public note An electronic book accessible through the World Wide Web; click to view
Holdings
Withdrawn status Lost status Source of classification or shelving scheme Damaged status Not for loan Home library Current library Date acquired Source of acquisition Cost, normal purchase price Total Checkouts Date last seen Cost, replacement price Price effective from Koha item type Public note
    Dewey Decimal Classification   e-book Taylor's Library-TU Taylor's Library - Perpetual(TU) 04/09/2024 125 1068.00   04/09/2024 1068.00 04/09/2024 Main Collection SHTEx,91621,03,RM,PPT
    Dewey Decimal Classification   e-book Taylor's Library-TU Taylor's Library - Perpetual(TU) 04/09/2024 125 1039.07   04/09/2024 1039.07 04/09/2024 Main Collection SOMAC,91615,03,RM,PPT